<?xml version="1.0" encoding="UTF-8"?>
<record
    xmlns:xsi="http://www.w3.org/2001/XMLSchema-instance"
    xsi:schemaLocation="http://www.loc.gov/MARC21/slim http://www.loc.gov/standards/marcxml/schema/MARC21slim.xsd"
    xmlns="http://www.loc.gov/MARC21/slim">

  <leader>00641nam  22002053  4500</leader>
  <controlfield tag="001">202718</controlfield>
  <datafield tag="090" ind1=" " ind2=" ">
    <subfield code="a">202718</subfield>
  </datafield>
  <datafield tag="100" ind1=" " ind2=" ">
    <subfield code="a">20241129d        u||y0pory50      ba</subfield>
  </datafield>
  <datafield tag="200" ind1=" " ind2=" ">
    <subfield code="a">Contraponto</subfield>
    <subfield code="f">Aldoux Huxley</subfield>
    <subfield code="g">tradu&#xE7;&#xE3;o de Erico Ver&#xED;ssimo</subfield>
  </datafield>
  <datafield tag="210" ind1=" " ind2=" ">
    <subfield code="a">Lisboa</subfield>
    <subfield code="c">Livros do Brasil</subfield>
    <subfield code="d">[19--?]</subfield>
  </datafield>
  <datafield tag="215" ind1=" " ind2=" ">
    <subfield code="a">466 p.</subfield>
    <subfield code="c">brochado</subfield>
    <subfield code="d">21 cm</subfield>
  </datafield>
  <datafield tag="225" ind1=" " ind2=" ">
    <subfield code="a">Dois Mundos</subfield>
    <subfield code="e">19</subfield>
  </datafield>
  <datafield tag="300" ind1=" " ind2=" ">
    <subfield code="a">Cont&#xE9;m notas do Prof. Dr. Almeida Faria</subfield>
  </datafield>
  <datafield tag="606" ind1=" " ind2=" ">
    <subfield code="9">17</subfield>
    <subfield code="a">Literatura Inglesa</subfield>
  </datafield>
  <datafield tag="675" ind1=" " ind2=" ">
    <subfield code="a">821.111-3</subfield>
    <subfield code="v">PT</subfield>
    <subfield code="z">por</subfield>
  </datafield>
  <datafield tag="700" ind1=" " ind2=" ">
    <subfield code="9">227</subfield>
    <subfield code="a">Huxley</subfield>
    <subfield code="b">Aldous</subfield>
    <subfield code="f">1894-1963</subfield>
  </datafield>
  <datafield tag="702" ind1=" " ind2=" ">
    <subfield code="9">2441</subfield>
    <subfield code="a">Ver&#xED;ssimo</subfield>
    <subfield code="b">Erico</subfield>
    <subfield code="f">1905-1975</subfield>
  </datafield>
  <datafield tag="801" ind1=" " ind2=" ">
    <subfield code="a">PT</subfield>
    <subfield code="b">BMMN</subfield>
    <subfield code="g">RPC</subfield>
  </datafield>
  <datafield tag="830" ind1=" " ind2=" ">
    <subfield code="c">Ana Falardo</subfield>
    <subfield code="f">Ana Falardo</subfield>
  </datafield>
  <datafield tag="990" ind1=" " ind2=" ">
    <subfield code="c">LIVROS</subfield>
  </datafield>
  <datafield tag="995" ind1=" " ind2=" ">
    <subfield code="0">0</subfield>
    <subfield code="2">0</subfield>
    <subfield code="5">2026-06-24</subfield>
    <subfield code="9">32514</subfield>
    <subfield code="b">BMMN</subfield>
    <subfield code="f">32226</subfield>
    <subfield code="k">821.111-3 HUX|SAF</subfield>
    <subfield code="o">0</subfield>
    <subfield code="r">LIVROS</subfield>
    <subfield code="u">Acesso condicionado</subfield>
    <subfield code="s">Oferta</subfield>
  </datafield>
</record>
